[Event "Oakham Young Masters"]
[Site "Oakham"]
[Date "1988.03.31"]
[Round "4.11"]
[White "Rechlis, Gad"]
[Black "Norwood, David Robert"]
[Result "0-1"]
[WhiteElo "2475"]
[BlackElo "2460"]
[EventDate "1988.03.28"]
[PlyCount "96"]
[Source "John Saunders"]

1.e4 g6 2.d4 Bg7 3.Nf3 d6 4.Bc4 Nf6 5.Qe2 O-O 6.h3 c5 7.d5 b5 8.Bxb5 Nxe4 
9.O-O Nf6 10.c4 Bd7 11.Nc3 Re8 12.Be3 Bxb5 13.Nxb5 Nbd7 14.a3 a6 15.Nc3 
Rb8 16.Rab1 Qa5 17.Qc2 Rb7 18.Bd2 Reb8 19.Rfe1 Qd8 20.Na4 Nf8 21.b4 Qd7 
22.Rbc1 cxb4 23.axb4 e6 24.c5 Rc7 25.c6 Qc8 26.dxe6 Nxe6 27.Qc4 Rb5 28.Qd3
Nd5 29.Qxd5 Rxd5 30.Nb6 Rxd2 31.Nxc8 Rd5 32.Nb6 Rb5 33.Na8 Rc8 34.c7 Rb7 
35.Rc6 Ra7 36.Nb6 Rcxc7 37.Rxd6 Bf8 38.Rd3 Bxb4 39.Rb1 Bc5 40.Nd5 Rcb7 41.
Rc1 a5 42.Nf6+ Kg7 43.Ne8+ Kf8 44.Nf6 a4 45.Nxh7+ Kg7 46.Nhg5 Nxg5 47.Rxc5
Rb1+ 48.Kh2 Nxf3+ 0-1

[Event "Oakham Young Masters"]
[Site "Oakham"]
[Date "1988.03.31"]
[Round "4.12"]
[White "Thomas, Ian"]
[Black "Brenninkmeijer, Joris"]
[Result "1/2-1/2"]
[WhiteElo "2315"]
[BlackElo "2385"]
[EventDate "1988.03.28"]
[PlyCount "77"]
[Source "John Saunders"]

1.e4 e6 2.d4 d5 3.Nd2 c5 4.exd5 Qxd5 5.Ngf3 cxd4 6.Bc4 Qd6 7.O-O Nf6 8.Nb3
Nc6 9.Nbxd4 Nxd4 10.Qxd4 Bd7 11.Be3 Qxd4 12.Bxd4 Rc8 13.Ne5 Bc5 14.Rad1 
Ke7 15.Nxd7 Bxd4 16.Rxd4 Nxd7 17.f4 Nb6 18.Bb3 Rc5 19.Rfd1 h6 20.c3 g5 21.
Rf1 Rhc8 22.Re4 Nc4 23.Re2 Rf5 24.g3 gxf4 25.Rxf4 Rxf4 26.gxf4 Rg8+ 27.Kf2
Nd6 28.Bc2 Kd7 29.Re5 b6 30.f5 Nxf5 31.Bxf5 exf5 32.Rxf5 Ke6 33.Rh5 Rg6 
34.a4 f5 35.Kf3 Ke5 36.Rh4 Rd6 37.Ke3 Rg6 38.b4 Rc6 39.Kd3 1/2-1/2

[Event "Oakham Young Masters"]
[Site "Oakham"]
[Date "1988.03.31"]
[Round "4.13"]
[White "Sadler, Matthew"]
[Black "Patrat, Alexandre"]
[Result "1-0"]
[WhiteElo "2385"]
[BlackElo "2210"]
[EventDate "1988.03.28"]
[PlyCount "57"]
[Source "John Saunders"]

1.d4 Nf6 2.c4 e6 3.Nf3 Be7 4.Nc3 d5 5.cxd5 exd5 6.Bg5 c6 7.Qc2 Nbd7 8.e3 
h6 9.Bf4 Nh5 10.Bg3 Qa5 11.Bd3 Bb4 12.O-O Nxg3 13.hxg3 O-O 14.g4 Qd8 15.
Ne2 Bd6 16.Nf4 Re8 17.g3 Nf8 18.Nh2 Qg5 19.Nh3 Qf6 20.Rae1 h5 21.f4 hxg4 
22.Nf2 Qh6 23.Kg2 Bb4 24.Nhxg4 Bxg4 25.Nxg4 Qh5 26.Qe2 Bxe1 27.Nf6+ gxf6 
28.Qxh5 Rxe3 29.Rh1 1-0

[Event "Oakham Young Masters"]
[Site "Oakham"]
[Date "1988.03.31"]
[Round "4.14"]
[White "Dunnington, Angus"]
[Black "Badulescu, Cristina"]
[Result "1/2-1/2"]
[WhiteElo "2330"]
[BlackElo "2255"]
[EventDate "1988.03.28"]
[PlyCount "87"]
[Source "John Saunders"]

1.d4 e6 2.c4 f5 3.d5 e5 4.Nf3 d6 5.Nc3 Nf6 6.g3 Be7 7.Bg2 O-O 8.Rb1 Qe8 9.
b4 a5 10.a3 axb4 11.axb4 Nbd7 12.Qb3 b6 13.Ng5 Bd8 14.O-O h6 15.Ne6 Rf7 
16.Qc2 e4 17.f3 exf3 18.exf3 Nf8 19.f4 Re7 20.Bb2 Ra6 21.Nxd8 Qxd8 22.Rbe1
Qe8 23.Qd2 Bd7 24.Rxe7 Qxe7 25.Re1 Qf7 26.Qd4 Ra8 27.c5 bxc5 28.bxc5 Re8 
29.Ra1 dxc5 30.Qxc5 Ne4 31.Nxe4 fxe4 32.Qd4 Bf5 33.Re1 Nh7 34.g4 Bxg4 35.
Rxe4 Nf6 36.Rxe8+ Qxe8 37.Qe5 Qa4 38.Qd4 Qc2 39.h3 Bf5 40.Qf2 Qd1+ 41.Qf1 
Qb3 42.Bxf6 gxf6 43.Kh2 Qd3 44.Qe1 1/2-1/2

[Event "Oakham Young Masters"]
[Site "Oakham"]
[Date "1988.03.31"]
[Round "4.15"]
[White "Girinath, Puligadda"]
[Black "Schlosser, Michael"]
[Result "0-1"]
[WhiteElo "2200"]
[BlackElo "2330"]
[EventDate "1988.03.28"]
[PlyCount "72"]
[Source "John Saunders"]

1.e4 d6 2.d4 Nf6 3.Nc3 g6 4.f3 c6 5.Be3 b5 6.Qd2 Bg7 7.Bd3 a6 8.Nce2 Nbd7 
9.g4 Nb6 10.Bh6 O-O 11.Ng3 e5 12.h4 exd4 13.h5 Ra7 14.N1e2 c5 15.Bxg7 Kxg7
16.Nf4 Nc4 17.Bxc4 bxc4 18.Qh2 g5 19.h6+ Kh8 20.Nh3 Nd7 21.Qd2 Ne5 22.Rf1 
f6 23.Nf5 Rg8 24.Ng7 Rb7 25.b3 d5 26.f4 c3 27.Qg2 Nxg4 28.fxg5 Ne3 29.Qf3 
dxe4 30.Qg3 Nxf1 31.Kxf1 Bxh3+ 32.Qxh3 fxg5 33.Kg2 Rf7 34.Nh5 g4 35.Qg3 
Qg5 36.Ng7 Qxh6 0-1

[Event "Oakham Young Masters"]
[Site "Oakham"]
[Date "1988.03.31"]
[Round "4.16"]
[White "Rossiter, Philip"]
[Black "Bruk, Ofer"]
[Result "1/2-1/2"]
[WhiteElo "2330"]
[BlackElo "2340"]
[EventDate "1988.03.28"]
[PlyCount "97"]
[Source "John Saunders"]

1.d4 d5 2.c4 e6 3.Nc3 Nf6 4.Bg5 Be7 5.e3 O-O 6.Nf3 h6 7.Bxf6 Bxf6 8.Qd2 c6
9.h4 c5 10.dxc5 dxc4 11.Bxc4 Qxd2+ 12.Nxd2 Nd7 13.Nb3 Bxc3+ 14.bxc3 Nf6 
15.O-O Bd7 16.Rfd1 Rfc8 17.Be2 Rc7 18.Bf3 e5 19.Bd5 Nxd5 20.Rxd5 Re8 21.
Rad1 Re7 22.Na5 f6 23.Rd6 Be8 24.Rd8 Rxc5 25.Nxb7 Rxb7 26.Rxe8+ Kf7 27.
Red8 Ke7 28.R8d3 Rbc7 29.Rb1 Ra5 30.Rb2 Ra4 31.g3 Ke6 32.Kf1 Ra3 33.Rc2 f5
34.f3 Rc4 35.Ke2 Rca4 36.Rdd2 Rc4 37.Kd3 Kd5 38.Rc1 Rca4 39.Rb1 Rxa2 40.
e4+ fxe4+ 41.fxe4+ Kc6 42.Rxa2 Rxa2 43.Rb8 Rg2 44.Rc8+ Kd6 45.Rd8+ Ke6 46.
Re8+ Kd6 47.Rd8+ Ke6 48.Re8+ Kd6 49.Rd8+ 1/2-1/2

[Event "Oakham Young Masters"]
[Site "Oakham"]
[Date "1988.03.31"]
[Round "4.17"]
[White "Madl, Ildiko"]
[Black "Hennigan, Michael"]
[Result "0-1"]
[WhiteElo "2380"]
[BlackElo "2300"]
[EventDate "1988.03.28"]
[PlyCount "120"]
[Source "John Saunders"]

1.e4 g6 2.d4 Bg7 3.Nc3 d6 4.Be3 c6 5.Qd2 Nd7 6.Nf3 b5 7.a3 a6 8.Be2 Bb7 9.
O-O Qc7 10.h3 Ngf6 11.Rfe1 c5 12.e5 dxe5 13.dxe5 Nxe5 14.Nxe5 Qxe5 15.Bh6 
O-O 16.Bxb5 Qd4 17.Bd3 e5 18.Bxg7 Kxg7 19.Rad1 Rfe8 20.Bf1 Qxd2 21.Rxd2 
Re7 22.Rd6 e4 23.Na4 Rc7 24.Re3 Nd7 25.Rc3 Kf8 26.Nb6 Nxb6 27.Rxb6 Ke7 28.
Bc4 f5 29.b3 Bc8 30.Bd5 Raa7 31.Kf1 a5 32.Ke2 a4 33.bxa4 Rxa4 34.Bc4 Bd7 
35.Ke3 Rca7 36.Bb3 R4a5 37.h4 Rc7 38.g3 Rxa3 39.Kf4 c4 40.Rxc4 Rxc4 41.
Bxc4 Rf3+ 42.Ke5 Rxf2 43.c3 Rf3 44.Rf6 Rxc3 45.Bd5 Rc5 46.Rf7+ Ke8 47.Rxh7
e3 48.Kf6 Kd8 49.Bf3 Bc6 50.Rh8+ Kd7 51.Rh7+ Kd6 52.Be2 Rc2 53.Bd3 Rd2 54.
Ba6 e2 55.Bxe2 Rxe2 56.Kxg6 Be4 57.Kg5 Rg2 58.Kf4 Rf2+ 59.Kg5 Rf3 60.Rh6+ 
Ke5 0-1

[Event "Oakham Young Masters"]
[Site "Oakham"]
[Date "1988.03.31"]
[Round "4.18"]
[White "McDonald, Neil R."]
[Black "Tozer, Richard"]
[Result "1-0"]
[WhiteElo "2375"]
[BlackElo "2255"]
[EventDate "1988.03.28"]
[PlyCount "131"]
[Source "John Saunders"]

1.Nf3 d5 2.g3 Bf5 3.Bg2 e6 4.c4 c6 5.b3 Nf6 6.Bb2 Nbd7 7.O-O h6 8.d3 Be7 
9.Na3 O-O 10.Nc2 a5 11.a3 Qb6 12.Rb1 Rad8 13.Bc3 Qa6 14.Qc1 Rfe8 15.Re1 
Bh7 16.Qb2 Bd6 17.Ne5 Nc5 18.Bd4 a4 19.Bxc5 Bxc5 20.b4 Bd6 21.c5 Bc7 22.
Bh3 Qa7 23.Rbc1 Qb8 24.d4 Nd7 25.Nxd7 Rxd7 26.b5 Ba5 27.Red1 Rde7 28.Bf1 
e5 29.dxe5 Bxc2 30.Qxc2 Qxe5 31.Qxa4 Bc3 32.bxc6 bxc6 33.Qxc6 d4 34.Qd6 
Qe4 35.c6 Re6 36.Qd7 R6e7 37.Qd6 Rc8 38.Bg2 Qxe2 39.Bf3 Qe5 40.Qxe5 Rxe5 
41.Rb1 Rc7 42.Rb7 Ree7 43.a4 g6 44.a5 Bxa5 45.Rxd4 Kg7 46.Rd5 Bc3 47.Rd3 
Be5 48.Kg2 f5 49.Rd8 Bf6 50.Ra8 Be5 51.Bd5 Bf6 52.h4 h5 53.Kf3 Be5 54.Rc8 
Bd6 55.Rg8+ Kh7 56.Rd8 Be5 57.Rd7 Rxb7 58.Rxb7 Rxb7 59.cxb7 Kh6 60.Ke3 f4+
61.gxf4 Bb8 62.Kd4 Bxf4 63.Kc5 Kg7 64.Kc6 Kf6 65.Kd7 Kf5 66.Bf3 1-0

[Event "Oakham Young Masters"]
[Site "Oakham"]
[Date "1988.03.31"]
[Round "4.19"]
[White "Fogarasi, Tibor"]
[Black "Wians, Camille"]
[Result "1-0"]
[WhiteElo "2355"]
[BlackElo "2215"]
[EventDate "1988.03.28"]
[PlyCount "99"]
[Source "John Saunders"]

1.e4 c5 2.Nf3 e6 3.d4 cxd4 4.Nxd4 a6 5.Bd3 Nf6 6.O-O Qc7 7.Qe2 d6 8.c4 g6 
9.Nc3 Bg7 10.Rd1 O-O 11.Bg5 Nbd7 12.Rac1 b6 13.Bb1 Bb7 14.b3 Rac8 15.Qd2 
Rfd8 16.Nde2 Ne5 17.Qf4 Nh5 18.Bxd8 Qxd8 19.Qe3 Ng4 20.Qh3 Qg5 21.g3 Nhf6 
22.Qg2 Qc5 23.h3 Ne5 24.Na4 Qc7 25.f4 Ned7 26.Qf3 Bc6 27.Nac3 Bf8 28.Kh2 
Qb8 29.Nd4 Bb7 30.Re1 h5 31.Qe3 Bh6 32.Nf3 Qa8 33.Rcd1 e5 34.Nd5 Bxd5 35.
exd5 Re8 36.Ng5 Qd8 37.Qf3 h4 38.gxh4 exf4 39.Qxf4 Ne5 40.Rg1 Nh5 41.Qf2 
Re7 42.Rdf1 Qe8 43.Rg2 Bg7 44.Qxb6 Nd7 45.Qf2 Be5+ 46.Kh1 Nf8 47.Qf3 Bf4 
48.Qxh5 Re1 49.Qf3 Qe3 50.Qxe3 1-0

[Event "Oakham Young Masters"]
[Site "Oakham"]
[Date "1988.03.31"]
[Round "4.21"]
[White "Burgess, Mark"]
[Black "Matveeva, Svetlana"]
[Result "0-1"]
[WhiteElo "2250"]
[BlackElo "2310"]
[EventDate "1988.03.28"]
[PlyCount "86"]
[Source "John Saunders"]

1.Nf3 Nf6 2.c4 g6 3.g3 Bg7 4.Bg2 d6 5.d4 O-O 6.O-O Nbd7 7.Nc3 e5 8.e4 exd4
9.Nxd4 Nc5 10.h3 Re8 11.Re1 h6 12.Rb1 Ne6 13.Nxe6 Bxe6 14.b3 Qc8 15.Kh2 
Ng4+ 16.hxg4 Bxc3 17.Re3 Bg7 18.Bf3 Rb8 19.Re1 Bd7 20.Kg2 Bc6 21.Bb2 Bxb2 
22.Rxb2 Re5 23.Qd4 a6 24.Rh1 Qf8 25.Re2 Rbe8 26.Ree1 Qg7 27.Rh4 R8e6 28.
Qa7 Qf8 29.Reh1 g5 30.Rh5 Rf6 31.Re1 Qe8 32.Qd4 Rfe6 33.Qc3 Qf8 34.Reh1 
Qg7 35.Qd3 Rf6 36.Re1 Qg6 37.Qd4 Rfe6 38.Qc3 Bxe4 39.Bxe4 Rxe4 40.Reh1 Qg7
41.Qa5 Re2 42.Qxc7 Rxf2+ 43.Kh3 Qb2 0-1

[Event "Oakham Young Masters"]
[Site "Oakham"]
[Date "1988.03.31"]
[Round "4.22"]
[White "Ward, Christopher"]
[Black "Buckley, Graeme"]
[Result "1-0"]
[WhiteElo "2310"]
[BlackElo "2200"]
[EventDate "1988.03.28"]
[PlyCount "81"]
[Source "John Saunders"]

1.d4 Nf6 2.c4 g6 3.Nc3 Bg7 4.e4 d6 5.f3 O-O 6.Be3 Nc6 7.Qd2 a6 8.Nge2 Rb8 
9.a3 e5 10.d5 Ne7 11.Ng3 Ne8 12.Bd3 f5 13.exf5 gxf5 14.Bg5 Nf6 15.O-O Qe8 
16.Rae1 Kh8 17.b4 Bd7 18.Bb1 Rg8 19.Kh1 f4 20.Nge4 Nxe4 21.Nxe4 Qf7 22.
Bxe7 Qxe7 23.c5 Bf6 24.Rc1 Bh4 25.cxd6 cxd6 26.Rc7 Rg7 27.Rfc1 Qf8 28.b5 
axb5 29.Qb4 Bd8 30.R7c3 Rg6 31.Bd3 Ra8 32.R3c2 Ba5 33.Qb3 Qe8 34.Rb1 Rh6 
35.Bxb5 Qh5 36.g4 fxg3 37.Bxd7 Bb6 38.Nxg3 Qf7 39.Be6 Qf4 40.Rg2 Be3 41.
Nf1 1-0

[Event "Oakham Young Masters"]
[Site "Oakham"]
[Date "1988.03.31"]
[Round "4.24"]
[White "Morris, Philip"]
[Black "Trabert, Bettina"]
[Result "1-0"]
[WhiteElo "2200"]
[BlackElo "2230"]
[EventDate "1988.03.28"]
[PlyCount "115"]
[Source "John Saunders"]

1.e4 e5 2.Nf3 Nc6 3.Bb5 a6 4.Ba4 d6 5.O-O Bd7 6.c3 g6 7.d4 Bg7 8.h3 Qe7 9.
d5 Nd8 10.Bxd7+ Qxd7 11.c4 Ne7 12.Nc3 O-O 13.Rb1 f5 14.b4 h6 15.Qd3 a5 16.
a3 axb4 17.axb4 b6 18.Bb2 Nb7 19.Ra1 Kh7 20.Nd2 fxe4 21.Qxe4 Rxa1 22.Rxa1 
Rf4 23.Qe2 Nc8 24.Nce4 Nd8 25.g3 Rf8 26.Qg4 Qf5 27.Ra8 Nf7 28.Kg2 Kh8 29.
Rb8 Ne7 30.Rb7 Rc8 31.Qd1 Ng8 32.Qf3 Nf6 33.Nxf6 Bxf6 34.Ne4 Bd8 35.Ra7 
Ng5 36.Nxg5 Bxg5 37.Qxf5 gxf5 38.f4 Bf6 39.c5 bxc5 40.bxc5 Bg7 41.c6 e4 
42.Bxg7+ Kxg7 43.g4 Kf6 44.Kf2 Kg6 45.Ke3 Kf6 46.Ke2 Kg6 47.Kf2 Kf6 48.Ke2
Kg6 49.gxf5+ Kxf5 50.Ke3 Rb8 51.Rxc7 Rb3+ 52.Kd4 Rd3+ 53.Kc4 Kxf4 54.Rd7 
Rxh3 55.Rxd6 Rh1 56.Rf6+ Kg3 57.Kd4 Re1 58.c7 {time} 1-0

[Event "Oakham Young Masters"]
[Site "Oakham"]
[Date "1988.03.31"]
[Round "4.25"]
[White "Szmigielska, Anna"]
[Black "Canfell, Gregory"]
[Result "0-1"]
[WhiteElo "2110"]
[BlackElo "2200"]
[EventDate "1988.03.28"]
[PlyCount "76"]
[Source "John Saunders"]

1.e4 c5 2.Nf3 e6 3.d4 cxd4 4.Nxd4 Nf6 5.Bd3 Nc6 6.Be3 d5 7.Nd2 e5 8.N4b3 
Bd6 9.O-O Bg4 10.f3 Bh5 11.Kh1 O-O 12.c3 h6 13.Qe1 dxe4 14.Nxe4 Nxe4 15.
Bxe4 f5 16.Bxc6 bxc6 17.Bc5 Bxc5 18.Nxc5 Qe7 19.Nd3 e4 20.fxe4 fxe4 21.Qe3
Bf7 22.b3 Rad8 23.Nc5 Rd5 24.b4 Re5 25.a3 Bd5 26.Kg1 Ref5 27.Rxf5 Rxf5 28.
Re1 Qf7 29.h3 Rg5 30.Kh2 Qc7+ 31.Kg1 Rg3 32.Qd4 e3 33.Re2 Bf3 34.Rxe3 
Rxg2+ 35.Kf1 Qf7 36.Qd8+ Kh7 37.Qd3+ Be4+ 38.Rf3 Qxf3+ 0-1

[Event "Oakham Young Masters"]
[Site "Oakham"]
[Date "1988.03.31"]
[Round "4.26"]
[White "Quillan, Gary"]
[Black "Buecker, Karsten"]
[Result "1-0"]
[WhiteElo "2275"]
[BlackElo "2200"]
[EventDate "1988.03.28"]
[PlyCount "29"]
[Source "John Saunders"]

1.e4 c5 2.Nf3 Nf6 3.d3 e6 4.g3 Nc6 5.Bg2 b6 6.Nbd2 g6 7.e5 Ng8 8.Ne4 d5 9.
exd6 Bxd6 10.Nxd6+ Qxd6 11.Bf4 e5 12.Nxe5 Bb7 13.O-O Qf6 14.Nxc6 Bxc6 15.
Be5 1-0

[Event "Oakham Young Masters"]
[Site "Oakham"]
[Date "1988.04.01"]
[Round "5.1"]
[White "Garcia Palermo, Carlos Horacio"]
[Black "Sokolov, Ivan"]
[Result "0-1"]
[WhiteElo "2505"]
[BlackElo "2545"]
[EventDate "1988.03.28"]
[PlyCount "54"]
[Source "John Saunders"]

1.d4 Nf6 2.c4 g6 3.Nc3 d5 4.Bf4 Bg7 5.Rc1 O-O 6.e3 c5 7.dxc5 Be6 8.Nf3 Nc6
9.Nd4 Nxd4 10.exd4 dxc4 11.Qd2 Rc8 12.Be5 b5 13.cxb6 Qxb6 14.Be2 Rfd8 15.
O-O Ne4 16.Qc2 Bxe5 17.dxe5 Nd2 18.Rfe1 Rd4 19.Qa4 Rf4 20.Nd1 Ne4 21.Rf1 
Rd8 22.Rc2 Nd2 23.Re1 Bf5 24.Rc3 Ne4 25.Rf3 Rxf3 26.Bxf3 Rxd1 27.Qxd1 Nxf2
{time} 0-1

[Event "Oakham Young Masters"]
[Site "Oakham"]
[Date "1988.04.01"]
[Round "5.2"]
[White "Gelfand, Boris"]
[Black "Stratil, Ladislav jr"]
[Result "1/2-1/2"]
[WhiteElo "2505"]
[BlackElo "2430"]
[EventDate "1988.03.28"]
[PlyCount "74"]
[Source "John Saunders"]

1.d4 Nf6 2.c4 e6 3.Nf3 d5 4.g3 dxc4 5.Bg2 c5 6.O-O Nc6 7.Ne5 Bd7 8.Nxc4 
cxd4 9.Bf4 Nd5 10.Nd6+ Bxd6 11.Bxd6 Nde7 12.Nd2 O-O 13.Qb3 b6 14.Nc4 Re8 
15.Ba3 Nf5 16.Rad1 Rb8 17.e4 Nfe7 18.Nd6 Rf8 19.f4 e5 20.fxe5 Be6 21.Qc2 
Nxe5 22.Rxd4 N7c6 23.Rdd1 Qg5 24.Nf5 Rfd8 25.h4 Qg4 26.Bd6 Rbc8 27.Bxe5 
Bxf5 28.Bf3 Bxe4 29.Bxg4 Bxc2 30.Rde1 f5 31.Bxf5 Bxf5 32.Rxf5 Re8 33.Bc3 
Rxe1+ 34.Bxe1 Nd4 35.Rd5 Nf3+ 36.Kf2 Nxe1 37.Kxe1 Rc7 1/2-1/2

[Event "Oakham Young Masters"]
[Site "Oakham"]
[Date "1988.04.01"]
[Round "5.3"]
[White "Plaskett, Harold James"]
[Black "Janjgava, Lasha"]
[Result "1/2-1/2"]
[WhiteElo "2465"]
[BlackElo "2425"]
[EventDate "1988.03.28"]
[PlyCount "82"]
[Source "John Saunders"]

1.e4 c5 2.Nf3 e6 3.d4 cxd4 4.Nxd4 Nc6 5.Nc3 Qc7 6.g3 a6 7.Bg2 d6 8.O-O Bd7
9.Be3 Nf6 10.Qe2 Be7 11.f4 O-O 12.Nb3 Rfe8 13.g4 Bc8 14.g5 Nd7 15.Rf3 b5 
16.Raf1 b4 17.Nd1 a5 18.Rh3 g6 19.Rff3 Nf8 20.Nf2 f5 21.gxf6 Bxf6 22.Ng4 
Bg7 23.Nh6+ Kh8 24.Qf2 a4 25.Nd4 Nxd4 26.Bxd4 Bxd4 27.Qxd4+ e5 28.fxe5 
dxe5 29.Qxb4 Bxh3 30.Bxh3 Re7 31.Qd2 Ne6 32.Bxe6 Qb6+ 33.Kg2 Qxe6 34.Qg5 
Rc7 35.c3 Rb8 36.Kg3 Re8 37.h4 Qe7 38.Qd2 Qd7 39.Qg5 Qe7 40.Qd2 Rd7 41.Qf2
Kg7 1/2-1/2

[Event "Oakham Young Masters"]
[Site "Oakham"]
[Date "1988.04.01"]
[Round "5.4"]
[White "Brunner, Lucas"]
[Black "Horvath, Csaba"]
[Result "1/2-1/2"]
[WhiteElo "2415"]
[BlackElo "2445"]
[EventDate "1988.03.28"]
[PlyCount "72"]
[Source "John Saunders"]

1.e4 c5 2.Nf3 Nc6 3.d4 cxd4 4.Nxd4 e6 5.Nc3 Qc7 6.g3 a6 7.Bg2 d6 8.O-O Be7
9.Re1 Bd7 10.Nxc6 Bxc6 11.Qg4 h5 12.Qe2 Nf6 13.a4 b6 14.Bg5 Bb7 15.Rad1 
Rc8 16.Rd4 Ng4 17.Bxe7 Kxe7 18.Red1 Rcd8 19.Rc4 Qb8 20.Rb4 Qc7 21.h3 Ne5 
22.Qe3 Nd7 23.Qg5+ Nf6 24.Qe3 Nd7 25.Rbd4 Nf6 26.Qd3 Nd7 27.Qd2 Ne5 28.
Qg5+ f6 29.Qc1 g5 30.f4 gxf4 31.Qxf4 Qc5 32.Kh1 Rhg8 33.Kh2 Rg6 34.Qd2 Nf7
35.Ne2 Rdg8 36.Rd3 Qe5 1/2-1/2

[Event "Oakham Young Masters"]
[Site "Oakham"]
[Date "1988.04.01"]
[Round "5.7"]
[White "Blatny, Pavel"]
[Black "Flear, Glenn Curtis"]
[Result "1-0"]
[WhiteElo "2440"]
[BlackElo "2460"]
[EventDate "1988.03.28"]
[PlyCount "133"]
[Source "John Saunders"]

1.e4 e5 2.Nf3 Nc6 3.Bb5 Nd4 4.Nxd4 exd4 5.O-O Bc5 6.d3 c6 7.Ba4 Ne7 8.f4 
f5 9.Qh5+ g6 10.Qh6 Ng8 11.Qg7 Qf6 12.Qxf6 Nxf6 13.e5 Nh5 14.Kh1 d5 15.
exd6 Be6 16.Nd2 O-O-O 17.Nf3 Rhe8 18.Bd2 Bd5 19.b4 Bb6 20.Bb3 Bxf3 21.Rxf3
Re2 22.Rd1 Rde8 23.Kg1 Nf6 24.h3 Kd7 25.Rf2 Kxd6 26.Rxe2 Rxe2 27.Kf1 Re7 
28.Kf2 h5 29.Kf3 Nd5 30.Rg1 Nf6 31.g3 a6 32.Re1 Rxe1 33.Bxe1 Nd5 34.g4 
hxg4+ 35.hxg4 Bd8 36.a3 Ke6 37.g5 Kd6 38.Bf2 Bb6 39.Bxd5 Kxd5 40.c4+ Ke6 
41.c5 Bc7 42.Bxd4 Kd5 43.Be3 Bb8 44.Ke2 Bc7 45.Kd2 Bb8 46.Kc2 Bc7 47.Kc3 
Bb8 48.a4 Bc7 49.a5 Bb8 50.Kd2 Bc7 51.Ke2 Bb8 52.Bc1 Bc7 53.Ke3 Bb8 54.Bb2
Bc7 55.Bf6 Ke6 56.d4 Kd5 57.Be5 Bd8 58.Kd3 Be7 59.Bh8 Bd8 60.Bg7 Bc7 61.
Be5 Bxe5 62.fxe5 Ke6 63.Kc4 f4 64.Kd3 Kf5 65.d5 cxd5 66.b5 Kxe5 67.b6 1-0

[Event "Oakham Young Masters"]
[Site "Oakham"]
[Date "1988.04.01"]
[Round "5.8"]
[White "Norwood, David Robert"]
[Black "Schlosser, Michael"]
[Result "1/2-1/2"]
[WhiteElo "2460"]
[BlackElo "2330"]
[EventDate "1988.03.28"]
[PlyCount "109"]
[Source "John Saunders"]

1.g3 g6 2.Bg2 Bg7 3.c4 e5 4.Nc3 d6 5.d3 f5 6.e3 Nf6 7.Nge2 Nc6 8.Rb1 O-O 
9.b4 a6 10.O-O Kh8 11.a4 Qe8 12.Nd5 Rf7 13.Qc2 Nd8 14.f4 Nxd5 15.cxd5 Re7 
16.e4 Nf7 17.Bb2 Bd7 18.Nc3 Rc8 19.b5 axb5 20.Nxb5 c6 21.dxc6 bxc6 22.Nc3 
Qd8 23.Ne2 Qa5 24.Bc3 Qc5+ 25.Kh1 fxe4 26.dxe4 Bg4 27.Rbc1 Ra7 28.Qd2 Rxa4
29.Bxe5 Rc4 30.Bxg7+ Kxg7 31.Rxc4 Qxc4 32.Nd4 c5 33.Nc2 Bd7 34.Ne3 Qd4 35.
Qc1 Bc6 36.Rd1 Qb4 37.Qa1+ Kg8 38.Ng4 Ra8 39.Qf6 Bxe4 40.Qe6 Bxg2+ 41.Kxg2
Qb2+ 42.Kh3 Kg7 43.Rxd6 Nxd6 44.Qxd6 Rf8 45.Qxc5 Qa1 46.Qc4 Rf7 47.Ne5 Ra7
48.Qc5 h6 49.Qd6 Qa6 50.Qd4 Qa1 51.Qe4 Qf1+ 52.Kh4 g5+ 53.Kg4 Qd1+ 54.Nf3 
Qd7+ 55.Qf5 1/2-1/2

[Event "Oakham Young Masters"]
[Site "Oakham"]
[Date "1988.04.01"]
[Round "5.9"]
[White "Schulte, Oliver"]
[Black "Sadler, Matthew"]
[Result "0-1"]
[WhiteElo "2440"]
[BlackElo "2385"]
[EventDate "1988.03.28"]
[PlyCount "118"]
[Source "John Saunders"]

1.d4 d5 2.Nf3 e6 3.c4 dxc4 4.Nc3 a6 5.e4 b5 6.a4 b4 7.Nb1 Bb7 8.Qc2 Nf6 9.
e5 Bxf3 10.gxf3 Nd5 11.Bxc4 c5 12.dxc5 Nc6 13.Qe4 Bxc5 14.Be3 Bxe3 15.fxe3
Qb6 16.Ke2 O-O 17.Nd2 f5 18.exf6 Nxf6 19.a5 Qc7 20.Bxe6+ Kh8 21.Qc4 Qd6 
22.Bf5 Rad8 23.Nb3 Qe5 24.Qxc6 Qxf5 25.Rad1 Rc8 26.Qb7 Qh3 27.Rhf1 Qxh2+ 
28.Rf2 Qe5 29.Qxb4 Nd5 30.Qd4 Nf4+ 31.Ke1 Qb5 32.Na1 Qxa5+ 33.b4 Qb5 34.
Nc2 Rce8 35.Rdd2 Qh5 36.Kd1 Nh3 37.Rg2 Qxf3+ 38.Kc1 Qf1+ 39.Kb2 Qf6 40.
Qxf6 Rxf6 41.Na3 h6 42.Nc4 Re7 43.Rd4 Kh7 44.Kb3 g5 45.Ka4 h5 46.Ka5 g4 
47.Rd5 Kh6 48.Ne5 Rg7 49.Rc5 g3 50.Rc6 Rxc6 51.Nxc6 h4 52.Kxa6 Nf2 53.Nd4 
Rg6+ 54.Ka7 Ne4 55.Nf5+ Kg5 56.Nxg3 hxg3 57.b5 Kg4 58.b6 Nd6 59.Rd2 Nc8+ 
0-1

[Event "Oakham Young Masters"]
[Site "Oakham"]
[Date "1988.04.01"]
[Round "5.10"]
[White "Arnason, Jon"]
[Black "Dunnington, Angus"]
[Result "1/2-1/2"]
[WhiteElo "2510"]
[BlackElo "2330"]
[EventDate "1988.03.28"]
[PlyCount "53"]
[Source "John Saunders"]

1.e4 g6 2.d4 Bg7 3.Nc3 d6 4.f4 c6 5.Nf3 Bg4 6.Be3 Qb6 7.Qd2 Bxf3 8.gxf3 
Nd7 9.O-O-O Qa5 10.Kb1 b5 11.e5 b4 12.Ne4 Nh6 13.exd6 O-O 14.dxe7 Rfe8 15.
h4 Nf5 16.h5 Nxe3 17.Qxe3 Rxe7 18.hxg6 hxg6 19.Bh3 Nb6 20.f5 Nd5 21.Qg5 
Rb8 22.Ka1 b3 23.cxb3 Rxb3 24.fxg6 Rxb2 25.gxf7+ Kf8 26.Kxb2 Rxe4 27.fxe4 
1/2-1/2

[Event "Oakham Young Masters"]
[Site "Oakham"]
[Date "1988.04.01"]
[Round "5.11"]
[White "Brenninkmeijer, Joris"]
[Black "Agnos, Demetrios"]
[Result "0-1"]
[WhiteElo "2385"]
[BlackElo "2340"]
[EventDate "1988.03.28"]
[PlyCount "88"]
[Source "John Saunders"]

1.d4 Nf6 2.c4 g6 3.Nc3 Bg7 4.e4 d6 5.f3 O-O 6.Be3 a6 7.Qd2 c6 8.O-O-O Qa5 
9.Bh6 e5 10.d5 cxd5 11.cxd5 b5 12.Kb1 b4 13.Nce2 Nbd7 14.g4 Nc5 15.Ng3 Rb8
16.Bxg7 Kxg7 17.N1e2 Bxg4 18.fxg4 Nfxe4 19.Nxe4 Nxe4 20.Qc2 Nf2 21.Bg2 
Nxg4 22.Qd2 Nf2 23.Ng3 Nxd1 24.Rxd1 f5 25.Rc1 Qd8 26.Rc6 Rb6 27.Rc4 a5 28.
Bf1 Rf7 29.Bd3 h6 30.Qg2 Kh7 31.h4 e4 32.Nxe4 fxe4 33.h5 Rf6 34.Bxe4 Rb8 
35.Bxg6+ Kh8 36.Bd3 Qe8 37.Rc7 Qe1+ 38.Rc1 Qe3 39.Qe4 Qxe4 40.Bxe4 Rf2 41.
Rg1 Rg8 42.Bg6 Rgf8 43.Bd3 Rd2 44.Bc4 Rff2 0-1

[Event "Oakham Young Masters"]
[Site "Oakham"]
[Date "1988.04.01"]
[Round "5.12"]
[White "McDonald, Neil R."]
[Black "Thomas, Ian"]
[Result "0-1"]
[WhiteElo "2375"]
[BlackElo "2315"]
[EventDate "1988.03.28"]
[PlyCount "136"]
[Source "John Saunders"]

1.Nf3 d5 2.g3 Bg4 3.Bg2 c6 4.c4 e6 5.b3 Nd7 6.O-O Ngf6 7.Bb2 Bd6 8.d3 O-O 
9.Nbd2 Qe7 10.a3 a5 11.Qc2 e5 12.e4 dxe4 13.dxe4 Rfe8 14.Nh4 Bc5 15.Rfe1 
Qd8 16.Nf1 Qb6 17.Bc3 Bd4 18.h3 Be6 19.Bxd4 Qxd4 20.Ne3 b5 21.Nhf5 Qc5 22.
Red1 Nb6 23.b4 axb4 24.axb4 Qxb4 25.Rxa8 Rxa8 26.cxb5 cxb5 27.Qc6 Qa5 28.
Rd6 Nbd7 29.Bf1 g6 30.Rxe6 fxe6 31.Qxe6+ Kh8 32.Nd6 b4 33.Bc4 Qc5 34.Kg2 
Rf8 35.Bb3 Qd4 36.Nf7+ Kg7 37.Qe7 Qxe4+ 38.Kh2 Re8 39.Qd6 Qd4 40.Qc7 Re7 
41.Ng5 Qb2 42.Bc2 e4 43.h4 h6 44.Nh3 Qc3 45.Qb7 Kf7 46.Nf4 Nc5 47.Qxe7+ 
Kxe7 48.Ned5+ Nxd5 49.Nxd5+ Ke6 50.Nxc3 bxc3 51.Kg1 Ke5 52.Kf1 Kd4 53.Ke2 
Nd3 54.Ba4 Nb2 55.Bc2 Nc4 56.f3 exf3+ 57.Kxf3 g5 58.Bh7 Ne5+ 59.Ke2 Kc4 
60.hxg5 hxg5 61.Bc2 Kb4 62.Ke3 Ka3 63.Ke4 Ng4 64.Kd3 Kb2 65.Ba4 Nf6 66.Kd4
c2 67.Bxc2 Kxc2 68.Ke5 Nh7 0-1

[Event "Oakham Young Masters"]
[Site "Oakham"]
[Date "1988.04.01"]
[Round "5.13"]
[White "Fogarasi, Tibor"]
[Black "Ward, Christopher"]
[Result "1/2-1/2"]
[WhiteElo "2355"]
[BlackElo "2310"]
[EventDate "1988.03.28"]
[PlyCount "60"]
[Source "John Saunders"]

1.e4 c5 2.Nf3 d6 3.d4 cxd4 4.Nxd4 Nf6 5.Nc3 g6 6.Be3 Bg7 7.f3 O-O 8.Qd2 
Nc6 9.Bc4 Bd7 10.O-O-O Qa5 11.Bb3 Rfc8 12.Kb1 Ne5 13.h4 b5 14.Ncxb5 Qxd2 
15.Bxd2 Nc4 16.Nc3 Nxd2+ 17.Rxd2 h5 18.Re1 Rc5 19.Nd5 Nxd5 20.Bxd5 Rb8 21.
Bb3 a5 22.a4 Bxa4 23.Bxa4 Rc4 24.Bb5 Rxd4 25.Rxd4 Bxd4 26.c4 Bf2 27.Rh1 
Kg7 28.Kc2 Kf6 29.Kd3 Ke5 30.Ra1 Bb6 1/2-1/2

[Event "Oakham Young Masters"]
[Site "Oakham"]
[Date "1988.04.01"]
[Round "5.15"]
[White "Matveeva, Svetlana"]
[Black "Thorhallsson, Throestur"]
[Result "1/2-1/2"]
[WhiteElo "2310"]
[BlackElo "2415"]
[EventDate "1988.03.28"]
[PlyCount "58"]
[Source "John Saunders"]

1.d4 Nf6 2.c4 e6 3.Nc3 d5 4.cxd5 exd5 5.Bg5 Be7 6.e3 O-O 7.Bd3 c6 8.Qc2 
Nbd7 9.Nf3 Re8 10.O-O Nf8 11.h3 g6 12.Bxf6 Bxf6 13.b4 Ne6 14.Rab1 Bg7 15.
Ne2 Qd6 16.Rfc1 Bd7 17.b5 Rac8 18.bxc6 Rxc6 19.Qd2 Rxc1+ 20.Rxc1 f5 21.Qa5
a6 22.Rb1 Bc6 23.Qb4 Qxb4 24.Rxb4 Bf8 25.Rb1 Bd6 26.g3 Kf7 27.Nf4 Nf8 28.
Bf1 Nd7 29.Nd3 a5 1/2-1/2